Política cambiaria optima en la economía pequeña (Registro nro. 15144)

Detalles MARC
000 -LEADER
fixed length control field 00370 a2200121 4500
001 - CONTROL NUMBER
control field ART_17841
005 - DATE AND TIME OF LATEST TRANSACTION
control field 20260410161701.0
008 - FIXED-LENGTH DATA ELEMENTS--GENERAL INFORMATION
fixed length control field 260409a
100 1# - MAIN ENTRY--PERSONAL NAME
Personal name Martirena-Mantel, Ana María
245 10 - TITLE STATEMENT
Title Política cambiaria optima en la economía pequeña
700 1# - ADDED ENTRY--PERSONAL NAME
Personal name Mantel, Rolf R.
773 0# - HOST ITEM ENTRY
Title Ensayos Económicos
Related parts - Nº 16 (dic. 1980)
Record control number REV620

No hay ítems disponibles.